00309nam a2200133Ia 45000030006000000080041000060400015000471000021000622450017000832600038001003000006001385460014001440050017001580STCL150530s9999 xx 000 0 und d aSTCLcSTCL aMaradu Raghunath aSharavarsham bRoyal Book; Kottayamc0aKottayam a0 aMalayalam20220125170742.0